000
00281nam a22001217a 4500
082
_a
739.27 BAX'J
100
_a
BAXTER, WILLIAM T
_9
57292
245
_a
JEWELRY GUN CUTTING AND METALCRAFT
250
_a
3RD
260
_a
NEWYORK
_b
MCGRAW HILL
_c
1950
300
_a
334P
942
_c
BK
999
_c
567588
_d
567588